000 00771nam a22002537a 4500
005 20170123162352.0
010 _aA-854103
020 _c240.00
035 _aA-854103
037 _bCen Lib/Ret
040 _aDPL
_bUR
082 _a841.08
_bف ض ل
100 _aحق، فصل
_9656
245 _a/ ​ سخنورانِ ایران
_cفصل حق
246 _aSakhunar-e- Iran /
_bby Fasal Haq
260 _aلاہور
_bادارہ ثقافت اسلامیہ
_c1990
270 _bلاہور
_aکلب روڈ
300 _a857p.
_c20cm(Hb)
650 _aاردو ادب
_9137449
650 _aاردو شاعری
_9137450
650 _aUrdu literature
_9137451
650 _aUrdu poetry
_9137452
942 _2ddc
_cUR
_h841.08
_mف ض ل
999 _c109347
_d109347